[Event "Landesliga Sued 1920"]
[Site "Bayern"]
[Date "2020.01.19"]
[Round "5.2"]
[White "Bensch, Patrick"]
[Black "Urankar, Hans Peter"]
[Result "1-0"]
[WhiteElo "2167"]
[BlackElo "2120"]
[PlyCount "97"]
[EventDate "2019.09.29"]
[EventType "team-tourn"]
[EventRounds "9"]
[EventCountry "GER"]
[SourceTitle "EXT 2021"]
[Source "ChessBase"]
[SourceDate "2020.10.23"]
[SourceVersion "1"]
[SourceVersionDate "2020.10.23"]
[SourceQuality "1"]
[WhiteTeam "Rottal Inn"]
[BlackTeam "Unterhaching"]
[WhiteTeamCountry "GER"]
[BlackTeamCountry "GER"]

1. Nf3 f5 2. c4 Nf6 3. Nc3 e6 4. d4 Bb4 5. g3 0-0 6. Bg2 d6 7. 0-0 Bxc3 8. bxc3 Qe7 9. Ba3 c5 10. Nd2 e5 11. Nb3 Na6 12. dxe5 dxe5 13. Bd5+ Kh8 14. Qc2 f4 15. e4 f3 16. Rfd1 Bg4 17. Nd2 Rad8 18. Rab1 b6 19. Nf1 Bd7 20. Rd3 Nxd5 21. cxd5 Qe8 22. Qd1 Ba4 23. Qc1 Qh5 24. Nd2 Rd6 25. Re3 Rh6 26. h4 Nc7 27. c4 Ne8 28. Qc3 Rg6 29. Kf1 Nd6 30. Ke1 Bd7 31. Bb2 Re8 32. Rxf3 Qg4 33. Qe3 Qh3 34. Qd3 Bg4 35. Re3 Bh5 36. Qf1 Qh2 37. Ra3 a5 38. Ba1 Bg4 39. Rxb6 Bh3 40. Nf3 Bxf1 41. Nxh2 Bxc4 42. Rc3 Nxe4 43. Rxg6 Nxc3 44. Rg4 Be2 45. Bxc3 Bxg4 46. Nxg4 Rd8 47. Ne3 e4 48. Bxa5 Ra8 49. Bc7 1-0

[Event "Landesliga Sued 1920"]
[Site "Bayern"]
[Date "2019.11.24"]
[Round "3.2"]
[White "Pieper, Thomas"]
[Black "Urankar, Hans Peter"]
[Result "1/2-1/2"]
[WhiteElo "2241"]
[BlackElo "2120"]
[PlyCount "36"]
[EventDate "2019.09.29"]
[EventType "team-tourn"]
[EventRounds "9"]
[EventCountry "GER"]
[SourceTitle "EXT 2021"]
[Source "ChessBase"]
[SourceDate "2020.10.23"]
[SourceVersion "1"]
[SourceVersionDate "2020.10.23"]
[SourceQuality "1"]
[WhiteTeam "Groebenzell"]
[BlackTeam "Unterhaching"]
[WhiteTeamCountry "GER"]
[BlackTeamCountry "GER"]

1. e4 e6 2. d4 d5 3. Nc3 Nf6 4. e5 Nfd7 5. f4 c5 6. Nf3 Nc6 7. Be3 Be7 8. Qd2 0-0 9. dxc5 Nxc5 10. 0-0-0 a6 11. Qf2 Qa5 12. Kb1 Bd7 13. f5 exf5 14. Nxd5 Ne4 15. Qe1 Qxe1 16. Nxe7+ Nxe7 17. Rxe1 Rfe8 18. Bd3 Nc6 1/2-1/2

[Event "Landesliga Sued 1819"]
[Site "Bayern"]
[Date "2019.03.24"]
[Round "8.2"]
[White "Bintakies, Michael"]
[Black "Urankar, Hans Peter"]
[Result "1-0"]
[WhiteElo "2165"]
[BlackElo "2137"]
[PlyCount "75"]
[EventDate "2018.10.21"]
[EventType "team-tourn"]
[EventRounds "9"]
[EventCountry "GER"]
[SourceTitle "EXT 2022"]
[Source "ChessBase"]
[SourceDate "2021.10.06"]
[SourceVersion "1"]
[SourceVersionDate "2021.10.06"]
[SourceQuality "1"]
[WhiteTeam "Kriegshaber SK"]
[BlackTeam "Unterhaching"]
[WhiteTeamCountry "GER"]
[BlackTeamCountry "GER"]

1. d4 e6 2. g3 d5 3. Bg2 c6 4. Nf3 Bd6 5. 0-0 f5 6. c4 Nf6 7. b3 Qe7 8. Ne5 0-0 9. Bb2 Nbd7 10. Nd2 a5 11. Ndf3 Ne4 12. Nd3 b5 13. Nfe5 Nxe5 14. dxe5 Ba3 15. Bxa3 Qxa3 16. cxb5 cxb5 17. Qc1 Qxc1 18. Rfxc1 b4 19. Bxe4 fxe4 20. Nf4 Bd7 21. Rc7 Rfd8 22. Rac1 Rac8 23. Kg2 Rxc7 24. Rxc7 d4 25. Kf1 Kf8 26. Ke1 g6 27. Rc4 Bc8 28. Rc5 Bd7 29. Rxa5 Rc8 30. Kd2 Rc3 31. Ra6 d3 32. exd3 g5 33. Nxe6+ Bxe6 34. Rxe6 exd3 35. Rf6+ Ke7 36. Rf3 Rc2+ 37. Kxd3 Ke6 38. Kxc2 1-0

[Event "Landesliga Sued 1819"]
[Site "Bayern"]
[Date "2018.11.11"]
[Round "2.2"]
[White "Meier, Volker"]
[Black "Urankar, Hans Peter"]
[Result "1/2-1/2"]
[WhiteElo "2239"]
[BlackElo "2137"]
[PlyCount "34"]
[EventDate "2018.10.21"]
[EventType "team-tourn"]
[EventRounds "9"]
[EventCountry "GER"]
[SourceTitle "EXT 2022"]
[Source "ChessBase"]
[SourceDate "2021.10.06"]
[SourceVersion "1"]
[SourceVersionDate "2021.10.06"]
[SourceQuality "1"]
[WhiteTeam "Muenchen Tarrasch"]
[BlackTeam "Unterhaching"]
[WhiteTeamCountry "GER"]
[BlackTeamCountry "GER"]

1. e4 e6 2. d4 d5 3. e5 c5 4. c3 Nc6 5. Nf3 Qb6 6. a3 c4 7. Nbd2 Na5 8. Be2 Bd7 9. 0-0 Ne7 10. Rb1 Qc7 11. Re1 Nc8 12. Bf1 Nb6 13. Ng5 Ba4 14. Qh5 Qe7 15. f4 Bc2 16. Ra1 h6 17. Ngf3 Rg8 1/2-1/2

[Event "Landesliga Sued 1718"]
[Site "Bayern"]
[Date "2017.11.12"]
[Round "2.3"]
[White "Geberl, Hans Walter"]
[Black "Urankar, Hans Peter"]
[Result "0-1"]
[WhiteElo "2175"]
[BlackElo "2145"]
[PlyCount "128"]
[EventDate "2017.10.22"]
[EventType "team-tourn"]
[EventRounds "9"]
[EventCountry "GER"]
[SourceTitle "EXT 2022"]
[Source "ChessBase"]
[SourceDate "2021.10.06"]
[SourceVersion "1"]
[SourceVersionDate "2021.10.06"]
[SourceQuality "1"]
[WhiteTeam "Ingolstadt"]
[BlackTeam "Unterhaching"]
[WhiteTeamCountry "GER"]
[BlackTeamCountry "GER"]

1. d4 Nf6 2. c4 g6 3. Nc3 Bg7 4. e4 d6 5. Nf3 0-0 6. Be2 e5 7. 0-0 Nbd7 8. Re1 Nh5 9. Bf1 Nf4 10. g3 Ne6 11. d5 Nec5 12. b4 Na6 13. Rb1 Nf6 14. h3 Kh8 15. Bg5 Qe8 16. Be3 Ng8 17. a3 Bh6 18. Bxh6 Nxh6 19. Qd2 Ng8 20. Nh4 Qe7 21. Rbc1 Nf6 22. Kh2 Nb8 23. c5 a6 24. cxd6 Qxd6 25. Na4 b6 26. Qc3 Ra7 27. Nb2 Qe7 28. Nc4 Nbd7 29. Qe3 Ne8 30. Qh6 Kg8 31. Rc3 Bb7 32. Rec1 Ra8 33. Be2 Ndf6 34. Bf3 a5 35. bxa5 b5 36. Ne3 Bc8 37. g4 Kh8 38. Nc2 Ng8 39. Qe3 Qxh4 40. Nb4 Rxa5 41. Nc6 Ra8 42. Nxe5 f6 43. Nd3 Nh6 44. Kg2 Nf7 45. e5 Ng5 46. Be2 Bb7 47. Nb4 fxe5 48. Qxe5+ Kg8 49. f4 Nf7 50. Qe3 Nfd6 51. Bf3 Qf6 52. Kg3 Nc4 53. Qe6+ Qxe6 54. dxe6 Bxf3 55. Rxf3 Rxa3 56. Rxa3 Nxa3 57. Nd5 Nc4 58. Ra1 c6 59. Ne7+ Kg7 60. Nxc6 Kf6 61. Re1 Ned6 62. g5+ Kg7 63. Ra1 Rc8 64. Ra7+ Kg8 0-1

[Event "Landesliga Sued 1718"]
[Site "Bayern"]
[Date "2017.10.22"]
[Round "1.3"]
[White "Urankar, Hans Peter"]
[Black "Schmitz, Thorsten"]
[Result "0-1"]
[WhiteElo "2145"]
[BlackElo "2301"]
[PlyCount "48"]
[EventDate "2017.10.22"]
[EventType "team-tourn"]
[EventRounds "9"]
[EventCountry "GER"]
[SourceTitle "EXT 2022"]
[Source "ChessBase"]
[SourceDate "2021.10.06"]
[SourceVersion "1"]
[SourceVersionDate "2021.10.06"]
[SourceQuality "1"]
[WhiteTeam "Unterhaching"]
[BlackTeam "Garching II"]
[WhiteTeamCountry "GER"]
[BlackTeamCountry "GER"]

1. d4 Nf6 2. Bf4 d5 3. e3 c5 4. c3 Nc6 5. Nd2 e6 6. Ngf3 cxd4 7. exd4 Nh5 8. Be3 Bd6 9. Ne5 g6 10. Be2 Ng7 11. f4 f6 12. Nd3 Qc7 13. Nf3 Nf5 14. Bd2 h5 15. b4 Bd7 16. a4 h4 17. Qb1 0-0-0 18. Qa2 Rde8 19. Kd1 e5 20. b5 e4 21. bxc6 Bxc6 22. c4 dxc4 23. Qxc4 exf3 24. gxf3 Rxe2 0-1

[Event "Regionalliga SW 1617"]
[Site "Bayern"]
[Date "2017.04.30"]
[Round "9.3"]
[White "Urankar, Hans Peter"]
[Black "Antemia, Paul"]
[Result "1/2-1/2"]
[WhiteElo "2166"]
[BlackElo "2068"]
[PlyCount "92"]
[EventDate "2016.10.16"]
[EventType "team-tourn"]
[EventRounds "9"]
[EventCountry "GER"]
[SourceTitle "EXT 2019"]
[Source "ChessBase"]
[SourceDate "2018.10.10"]
[SourceVersion "1"]
[SourceVersionDate "2018.10.10"]
[SourceQuality "1"]
[WhiteTeam "Unterhaching"]
[BlackTeam "Tuerkheim/Bad Woerishofen"]
[WhiteTeamCountry "GER"]
[BlackTeamCountry "GER"]

1. Nf3 d5 2. g3 Nf6 3. Bg2 g6 4. 0-0 Bg7 5. d3 Nbd7 6. Nbd2 0-0 7. e4 dxe4 8. dxe4 e5 9. b3 Re8 10. Bb2 b6 11. Nc4 Ba6 12. Qe2 Qe7 13. Rfe1 Qc5 14. Bf1 Ng4 15. Nfd2 h5 16. a4 Rad8 17. Rad1 Qe7 18. f3 Nh6 19. Bh3 Nb8 20. Qf2 Nc6 21. c3 Qf6 22. b4 Bxc4 23. Nxc4 g5 24. Qe2 Rxd1 25. Rxd1 Rd8 26. Ne3 Rxd1+ 27. Qxd1 Qd8 28. Qd5 Qf6 29. Nf5 Nxf5 30. Bxf5 Qd6 31. Qxd6 cxd6 32. Bc1 Bf6 33. Bd7 Nb8 34. Bb5 Kf8 35. Be3 Bd8 36. Kf1 a6 37. Bc4 a5 38. bxa5 bxa5 39. Bb5 f6 40. g4 hxg4 41. fxg4 Ke7 42. Ke2 Nd7 43. Bxd7 Kxd7 44. Kd3 Kc6 45. Kc4 Bc7 46. Bf2 Bd8 1/2-1/2

[Event "Regionalliga SW 1516"]
[Site "Bayern"]
[Date "2016.03.13"]
[Round "8.2"]
[White "Antemia, Paul"]
[Black "Urankar, Hans Peter"]
[Result "1/2-1/2"]
[WhiteElo "2068"]
[BlackElo "2166"]
[PlyCount "104"]
[EventDate "2015.10.11"]
[EventType "team-tourn"]
[EventRounds "9"]
[EventCountry "GER"]
[SourceTitle "EXT 2018"]
[Source "ChessBase"]
[SourceDate "2017.10.13"]
[SourceVersion "1"]
[SourceVersionDate "2017.10.13"]
[SourceQuality "1"]
[WhiteTeam "Tuerkheim/Bad Woerishofen"]
[BlackTeam "Unterhaching"]
[WhiteTeamCountry "GER"]
[BlackTeamCountry "GER"]

1. Nf3 g6 2. e4 d6 3. d4 Nf6 4. Nc3 Bg7 5. Bc4 0-0 6. Qe2 Bg4 7. h3 Bxf3 8. Qxf3 Nc6 9. Be3 e5 10. d5 Nd4 11. Qd1 Nd7 12. 0-0 f5 13. f4 Nb6 14. Bd3 fxe4 15. Nxe4 Nf5 16. Bxb6 axb6 17. fxe5 Bxe5 18. c3 Qh4 19. Qd2 Ng3 20. Rxf8+ Rxf8 21. Qg5 Qf4 22. Qxf4 Bxf4 23. Re1 Kg7 24. Nxg3 Bxg3 25. Re2 Be5 26. Be4 Rf4 27. g3 Rf8 28. Kg2 Ra8 29. b3 Rf8 30. c4 Rf7 31. Bf3 h5 32. Re4 Kh6 33. g4 h4 34. g5+ Kxg5 35. Rg4+ Kf6 36. Rxh4 Kg7 37. Rg4 Kf6 38. h4 Rg7 39. Be4 Kf7 40. Kf3 Kf6 41. Rg5 Kf7 42. a4 Bb2 43. Rg2 Bf6 44. Rg4 Be5 45. Ke3 Kf6 46. Rg2 Kf7 47. b4 Bf6 48. Rg4 Ke7 49. Bxg6 Bxh4 50. Re4+ Kf6 51. Re6+ Kg5 52. Be4 Be1 1/2-1/2

[Event "Landesliga Sued 1415"]
[Site "Bayern"]
[Date "2015.01.18"]
[Round "5.6"]
[White "Urankar, Hans Peter"]
[Black "Unger, Michael"]
[Result "1-0"]
[WhiteElo "2166"]
[BlackElo "2053"]
[PlyCount "63"]
[EventDate "2014.10.19"]
[EventType "team-tourn"]
[EventRounds "9"]
[EventCountry "GER"]
[SourceTitle "EXT 2018"]
[Source "ChessBase"]
[SourceDate "2017.10.13"]
[SourceVersion "1"]
[SourceVersionDate "2017.10.13"]
[SourceQuality "1"]
[WhiteTeam "Unterhaching"]
[BlackTeam "Muenchen 36"]
[WhiteTeamCountry "GER"]
[BlackTeamCountry "GER"]

1. d4 d5 2. Bf4 c5 3. e4 e6 4. exd5 Qxd5 5. Nc3 Qxd4 6. Qxd4 cxd4 7. Nb5 Na6 8. 0-0-0 f6 9. Bg3 Bc5 10. f4 Ne7 11. Nf3 0-0 12. Bc4 Nd5 13. Bb3 Nac7 14. Nxc7 Nxc7 15. f5 Nd5 16. Nxd4 Ne3 17. Nxe6 Nxd1 18. Nxc5+ Kh8 19. Rxd1 Bxf5 20. Nxb7 Be4 21. Bd5 Bxd5 22. Rxd5 Rf7 23. Nd6 Re7 24. c4 g5 25. c5 h5 26. h4 Re2 27. c6 Rxg2 28. hxg5 Rxg3 29. gxf6 Rf3 30. Rxh5+ Kg8 31. Rg5+ Kh8 32. f7 1-0

[Event "Landesliga Sued 1415"]
[Site "Bayern"]
[Date "2014.12.07"]
[Round "4.4"]
[White "Sofranov, Velizar"]
[Black "Urankar, Hans Peter"]
[Result "1/2-1/2"]
[WhiteElo "2153"]
[BlackElo "2166"]
[PlyCount "49"]
[EventDate "2014.10.19"]
[EventType "team-tourn"]
[EventRounds "9"]
[EventCountry "GER"]
[SourceTitle "EXT 2018"]
[Source "ChessBase"]
[SourceDate "2017.10.13"]
[SourceVersion "1"]
[SourceVersionDate "2017.10.13"]
[SourceQuality "1"]
[WhiteTeam "Deggendorf"]
[BlackTeam "Unterhaching"]
[WhiteTeamCountry "GER"]
[BlackTeamCountry "GER"]

1. Nf3 g6 2. d4 Bg7 3. c4 d6 4. Nc3 Nf6 5. e4 0-0 6. h3 e5 7. dxe5 dxe5 8. Be3 Nbd7 9. c5 Qe7 10. Rc1 c6 11. Qc2 b6 12. cxb6 axb6 13. Be2 Nh5 14. g3 Bb7 15. 0-0 b5 16. b3 Rfc8 17. Rfd1 Nhf6 18. Kh2 h6 19. Nd2 Bf8 20. f3 Nc5 21. a4 Ne6 22. axb5 Nd4 23. Bxd4 exd4 24. Ncb1 cxb5 25. Qb2 1/2-1/2

[Event "Landesliga Sued 1415"]
[Site "Bayern"]
[Date "2014.10.19"]
[Round "1.4"]
[White "Wiesinger, Robert"]
[Black "Urankar, Hans Peter"]
[Result "1/2-1/2"]
[WhiteElo "2159"]
[BlackElo "2166"]
[PlyCount "22"]
[EventDate "2014.10.19"]
[EventType "team-tourn"]
[EventRounds "9"]
[EventCountry "GER"]
[SourceTitle "EXT 2018"]
[Source "ChessBase"]
[SourceDate "2017.10.13"]
[SourceVersion "1"]
[SourceVersionDate "2017.10.13"]
[SourceQuality "1"]
[WhiteTeam "Weilheim"]
[BlackTeam "Unterhaching"]
[WhiteTeamCountry "GER"]
[BlackTeamCountry "GER"]

1. e4 g6 2. d4 Bg7 3. Nc3 c6 4. f4 d5 5. e5 Nh6 6. Nf3 0-0 7. Be2 f6 8. 0-0 Bg4 9. Be3 Nd7 10. h3 Bxf3 11. Bxf3 fxe5 1/2-1/2

[Event "Hessen-ch Seniors op 10th"]
[Site "Bad Sooden-Allendorf"]
[Date "2014.04.26"]
[Round "1"]
[White "Urankar, Hans Peter"]
[Black "Mayeres, Hans Christian"]
[Result "1-0"]
[WhiteElo "2237"]
[BlackElo "1920"]
[PlyCount "61"]
[EventDate "2014.04.26"]
[EventType "swiss"]
[EventRounds "9"]
[EventCountry "GER"]
[SourceTitle "EXT 2018"]
[Source "ChessBase"]
[SourceDate "2017.10.13"]
[SourceVersion "1"]
[SourceVersionDate "2017.10.13"]
[SourceQuality "1"]

1. d4 Nf6 2. Bf4 g6 3. Nf3 Bg7 4. e3 0-0 5. Be2 d6 6. 0-0 c5 7. c3 Nbd7 8. h3 a6 9. a4 Nb6 10. dxc5 dxc5 11. Qxd8 Rxd8 12. Bc7 Rd6 13. a5 Nbd7 14. Bxd6 exd6 15. Nbd2 b5 16. axb6 Nxb6 17. Ra3 d5 18. Rfa1 c4 19. Nd4 Nfd7 20. b3 Bf8 21. Ra5 Ne5 22. f4 Nd3 23. Bxd3 cxd3 24. N2f3 Nd7 25. Rd1 Nc5 26. Ne5 Bf5 27. b4 Ne4 28. Nxf5 Nxc3 29. Rxd3 Bxb4 30. Ne7+ Bxe7 31. Rxc3 1-0

[Event "Landesliga Sued 1314"]
[Site "Bayern"]
[Date "2014.04.06"]
[Round "9.6"]
[White "Spiess, Martin"]
[Black "Urankar, Hans Peter"]
[Result "0-1"]
[WhiteElo "2156"]
[BlackElo "2237"]
[PlyCount "113"]
[EventDate "2013.10.13"]
[EventType "team-tourn"]
[EventRounds "9"]
[EventCountry "GER"]
[SourceTitle "EXT 2015"]
[Source "ChessBase"]
[SourceDate "2014.11.20"]
[SourceVersion "1"]
[SourceVersionDate "2014.11.20"]
[SourceQuality "1"]
[WhiteTeam "Ingolstadt"]
[BlackTeam "Unterhaching"]
[WhiteTeamCountry "GER"]
[BlackTeamCountry "GER"]

1. e4 e6 2. d4 d5 3. Nc3 Bb4 4. e5 c5 5. dxc5 Ne7 6. Nf3 Nbc6 7. Bd3 d4 8. a3 Ba5 9. b4 Nxb4 10. axb4 Bxb4 11. 0-0 Bxc3 12. Rb1 h6 13. Nd2 Bd7 14. Ne4 Kf8 15. Nd6 Bc6 16. Qh5 g6 17. Qg4 Nf5 18. Bxf5 exf5 19. Qg3 Qe7 20. h4 Re8 21. Nxe8 Qxe8 22. Bb2 Bxb2 23. Rxb2 Qe7 24. Qf4 Qxc5 25. Rd1 Kg7 26. Qxd4 Qxd4 27. Rxd4 Re8 28. f4 g5 29. hxg5 hxg5 30. g3 f6 31. exf6+ Kxf6 32. Rd6+ Ke7 33. Rh6 gxf4 34. gxf4 Kd7 35. Kf2 Re4 36. Kg3 Rc4 37. Rh2 a5 38. Rf2 Kc7 39. Kh4 Be4 40. Kg5 Kc6 41. Rd2 b5 42. Kf6 b4 43. Ke5 a4 44. Rd8 a3 45. Ra2 Kb5 46. Rd2 Rxc2 47. Raxc2 Bxc2 48. Rxc2 b3 49. Rc8 a2 50. Rb8+ Kc4 51. Rc8+ Kd3 52. Rd8+ Kc2 53. Ra8 Kb1 54. Kxf5 b2 55. Kg6 a1Q 56. Rxa1+ bxa1Q 57. f5 0-1

[Event "Landesliga Sued 1314"]
[Site "Bayern"]
[Date "2014.02.23"]
[Round "7.7"]
[White "Urankar, Hans Peter"]
[Black "Spiesberger, Gerhard"]
[Result "1-0"]
[WhiteElo "2237"]
[BlackElo "2114"]
[PlyCount "52"]
[EventDate "2013.10.13"]
[EventType "team-tourn"]
[EventRounds "9"]
[EventCountry "GER"]
[SourceTitle "EXT 2015"]
[Source "ChessBase"]
[SourceDate "2014.11.20"]
[SourceVersion "1"]
[SourceVersionDate "2014.11.20"]
[SourceQuality "1"]
[WhiteTeam "Unterhaching"]
[BlackTeam "Rottal"]
[WhiteTeamCountry "GER"]
[BlackTeamCountry "GER"]

1. d4 d5 2. Bf4 e6 3. e3 Bd6 4. Bg3 Nf6 5. Nd2 0-0 6. Bd3 c5 7. c3 Nc6 8. Ngf3 Re8 9. Ne5 c4 10. Bc2 Qc7 11. f4 Nd7 12. Bxh7+ Kf8 13. Bc2 Kg8 14. 0-0 Nf8 15. Qh5 b5 16. Ndf3 Bb7 17. Bh4 g6 18. Qh6 Nh7 19. Ng5 Nxg5 20. Bxg5 Bf8 21. Qh4 Ne7 22. Rf3 Bg7 23. Rh3 Kf8 24. Bf6 Ng8 25. Bxg7+ Kxg7 26. Bxg6 Re7 1-0

[Event "Landesliga Sued 1314"]
[Site "Bayern"]
[Date "2014.02.09"]
[Round "6.6"]
[White "Urankar, Hans Peter"]
[Black "Schmid, Franz"]
[Result "1-0"]
[WhiteElo "2237"]
[BlackElo "2160"]
[PlyCount "77"]
[EventDate "2013.10.13"]
[EventType "team-tourn"]
[EventRounds "9"]
[EventCountry "GER"]
[SourceTitle "EXT 2015"]
[Source "ChessBase"]
[SourceDate "2014.11.20"]
[SourceVersion "1"]
[SourceVersionDate "2014.11.20"]
[SourceQuality "1"]
[WhiteTeam "Unterhaching"]
[BlackTeam "Roehrnbach"]
[WhiteTeamCountry "GER"]
[BlackTeamCountry "GER"]

1. d4 Nf6 2. Bf4 d5 3. e3 g6 4. Nf3 Bg7 5. Be2 0-0 6. 0-0 c5 7. c3 Nc6 8. Nbd2 b6 9. Ne5 Bb7 10. b4 Nd7 11. Nxd7 Qxd7 12. bxc5 bxc5 13. Nb3 c4 14. Nc5 Qc8 15. Rb1 Nd8 16. Nxb7 Nxb7 17. Qa4 Rd8 18. Bf3 e5 19. dxe5 Nc5 20. Qa5 Ne4 21. Rfd1 Rd7 22. Rb5 g5 23. Bg3 Qd8 24. Bxe4 dxe4 25. Qxd8+ Raxd8 26. Rd4 f5 27. h4 h6 28. hxg5 hxg5 29. Rc5 Rxd4 30. cxd4 f4 31. exf4 Rxd4 32. f5 Bf8 33. Rc7 Bb4 34. e6 c3 35. f6 Ba5 36. f7+ Kf8 37. Rc8+ Rd8 38. Bd6+ Kg7 39. Rxd8 1-0

[Event "Munich OIS op 32nd"]
[Site "Munich"]
[Date "2012.10.05"]
[Round "7"]
[White "Urankar, Hans Peter"]
[Black "Ovsepyan, Arshak"]
[Result "1-0"]
[WhiteElo "2243"]
[BlackElo "1939"]
[PlyCount "73"]
[EventDate "2012.09.29"]
[EventType "swiss"]
[EventRounds "9"]
[EventCountry "GER"]
[SourceTitle "EXT 2013"]
[Source "ChessBase"]
[SourceDate "2012.11.22"]
[SourceVersion "1"]
[SourceVersionDate "2012.11.22"]
[SourceQuality "1"]

1. g3 d5 2. Nf3 c5 3. Bg2 Nc6 4. d3 Nf6 5. Nbd2 h6 6. e4 dxe4 7. dxe4 e5 8. 0-0 Be6 9. c3 Be7 10. Qe2 Qc7 11. Nh4 Nd7 12. Nf5 Bf6 13. Ne3 Nb6 14. a4 Rd8 15. a5 Nc8 16. Nd5 Bxd5 17. exd5 N6e7 18. Ne4 Nxd5 19. Qb5+ Qc6 20. Qxc5 Be7 21. Qxc6+ bxc6 22. Re1 0-0 23. Nd2 Bd6 24. Nc4 Rfe8 25. Be3 Nxe3 26. Rxe3 c5 27. Bc6 Re7 28. Rd1 Re6 29. Red3 e4 30. R3d2 Ne7 31. Bd5 Rg6 32. Bxe4 f5 33. Bc2 Nc8 34. Bxf5 Rf6 35. Bxc8 Rxc8 36. Rxd6 Rxd6 37. Rxd6 1-0

[Event "Bad Wiessee Seniors op"]
[Site "Bad Wiessee"]
[Date "2012.04.26"]
[Round "6"]
[White "Roeder, Gerd"]
[Black "Urankar, Hans Peter"]
[Result "1-0"]
[WhiteElo "2112"]
[BlackElo "2142"]
[PlyCount "49"]
[EventDate "2012.04.21"]
[EventType "swiss"]
[EventRounds "9"]
[EventCountry "GER"]
[SourceTitle "EXT 2015"]
[Source "ChessBase"]
[SourceDate "2014.11.20"]
[SourceVersion "1"]
[SourceVersionDate "2014.11.20"]
[SourceQuality "1"]

1. e4 e6 2. d4 d5 3. Nd2 a6 4. c3 c5 5. dxc5 Nf6 6. exd5 Bxc5 7. dxe6 Bxe6 8. Be2 Qb6 9. Qa4+ Nbd7 10. Qh4 g5 11. Qg3 g4 12. Bc4 Nh5 13. Qh4 g3 14. fxg3 Bxg1 15. Bxe6 Qf2+ 16. Kd1 Ndf6 17. Bg4 Nd5 18. Kc2 Nhf6 19. Bf3 0-0-0 20. Kb1 Rhe8 21. Qc4+ Kb8 22. Qf1 Qb6 23. Qxg1 Nxc3+ 24. Kc2 Re3 25. Nc4 1-0

[Event "Bad Wiessee Seniors op"]
[Site "Bad Wiessee"]
[Date "2012.04.23"]
[Round "3"]
[White "Urankar, Hans Peter"]
[Black "Hecht, Hans Joachim"]
[Result "1/2-1/2"]
[WhiteElo "2142"]
[BlackElo "2337"]
[PlyCount "29"]
[EventDate "2012.04.21"]
[EventType "swiss"]
[EventRounds "9"]
[EventCountry "GER"]
[SourceTitle "EXT 2015"]
[Source "ChessBase"]
[SourceDate "2014.11.20"]
[SourceVersion "1"]
[SourceVersionDate "2014.11.20"]
[SourceQuality "1"]

1. d4 Nf6 2. Nf3 g6 3. Bf4 Bg7 4. e3 d6 5. Be2 0-0 6. 0-0 c5 7. c3 b6 8. h3 Bb7 9. Bh2 Nbd7 10. Nbd2 Rc8 11. a4 a6 12. Re1 cxd4 13. exd4 Nd5 14. Bd3 N7f6 15. Qe2 1/2-1/2

[Event "Landesliga Sued 1112"]
[Site "Bayern"]
[Date "2012.01.15"]
[Round "5.5"]
[White "Rubke, Manfred"]
[Black "Urankar, Hans Peter"]
[Result "1/2-1/2"]
[WhiteElo "2110"]
[BlackElo "2150"]
[PlyCount "91"]
[EventDate "2011.10.02"]
[EventType "team-tourn"]
[EventRounds "9"]
[EventCountry "GER"]
[SourceTitle "EXT 2013"]
[Source "ChessBase"]
[SourceDate "2012.11.22"]
[SourceVersion "1"]
[SourceVersionDate "2012.11.22"]
[SourceQuality "1"]
[WhiteTeam "Haunstetten"]
[BlackTeam "Unterhaching"]
[WhiteTeamCountry "GER"]
[BlackTeamCountry "GER"]

1. c4 f5 2. f4 Nf6 3. Nf3 g6 4. b3 Bg7 5. Bb2 0-0 6. Nc3 d6 7. d4 c6 8. e3 Qe8 9. Qd2 Nbd7 10. Be2 Ne4 11. Qc2 Ndf6 12. 0-0 Bd7 13. Nd2 Nxc3 14. Bxc3 a5 15. a4 d5 16. Nf3 Kh8 17. Rfc1 Qd8 18. Be1 Be6 19. c5 Qc7 20. Rab1 Ra7 21. b4 axb4 22. Rxb4 Bc8 23. Rcb1 Nd7 24. Bd3 Bf6 25. Bg3 Qd8 26. Qf2 Qe8 27. Bh4 Qf7 28. h3 Qe6 29. Bg5 Bg7 30. Re1 Nf6 31. Qh4 Kg8 32. Bh6 Re8 33. Ng5 Qd7 34. Rf1 Qc7 35. Be2 Qa5 36. Rfb1 Qc7 37. g4 e6 38. Nf3 Bh8 39. gxf5 exf5 40. Ne5 Qe7 41. Bg5 Qg7 42. Kh1 Ne4 43. Rg1 Be6 44. Bd8 Ra8 45. Bg5 Qc7 46. Qe1 1/2-1/2

[Event "Regionalliga SW 1011"]
[Site "Bayern"]
[Date "2011.02.06"]
[Round "6.4"]
[White "Urankar, Hans Peter"]
[Black "Fauth, Dietmar"]
[Result "1-0"]
[WhiteElo "2167"]
[BlackElo "2146"]
[PlyCount "79"]
[EventDate "2010.10.10"]
[EventType "team-tourn"]
[EventRounds "9"]
[EventCountry "GER"]
[SourceTitle "EXT 2012"]
[Source "ChessBase"]
[SourceDate "2011.11.24"]
[SourceVersion "1"]
[SourceVersionDate "2011.11.24"]
[SourceQuality "1"]
[WhiteTeam "Unterhaching"]
[BlackTeam "Muenchen Siemens"]
[WhiteTeamCountry "GER"]
[BlackTeamCountry "GER"]

1. d4 Nf6 2. c4 e6 3. Nc3 Bb4 4. Qc2 c5 5. dxc5 Na6 6. a3 Bxc3+ 7. Qxc3 Nxc5 8. f3 a5 9. e4 d6 10. Be3 Qc7 11. Nh3 0-0 12. Nf2 b6 13. Be2 Ba6 14. Rd1 Rac8 15. Bf4 e5 16. Bg5 Ne8 17. Rc1 Ne6 18. Be3 Nf6 19. Qd2 Rfd8 20. b4 Rb8 21. 0-0 Nh5 22. Rfd1 g6 23. Bf1 Bb7 24. Ng4 Kh8 25. Bf2 f6 26. Ne3 Nhf4 27. Nd5 Qg7 28. Nxb6 axb4 29. axb4 f5 30. Nd5 fxe4 31. fxe4 Ng5 32. Bd3 Bxd5 33. cxd5 Rf8 34. Be3 Qd7 35. Rf1 Qg4 36. Kh1 Nxd3 37. Qxd3 Nxe4 38. b5 Qh4 39. h3 Nf6 40. Kg1 1-0

[Event "Regionalliga SW 1011"]
[Site "Bayern"]
[Date "2010.12.12"]
[Round "4.4"]
[White "Urankar, Hans Peter"]
[Black "Groenegress, Wilfried"]
[Result "1/2-1/2"]
[WhiteElo "2167"]
[BlackElo "1994"]
[PlyCount "36"]
[EventDate "2010.10.10"]
[EventType "team-tourn"]
[EventRounds "9"]
[EventCountry "GER"]
[SourceTitle "EXT 2012"]
[Source "ChessBase"]
[SourceDate "2011.11.24"]
[SourceVersion "1"]
[SourceVersionDate "2011.11.24"]
[SourceQuality "1"]
[WhiteTeam "Unterhaching"]
[BlackTeam "Tuerkheim/Bad Woerishofen"]
[WhiteTeamCountry "GER"]
[BlackTeamCountry "GER"]

1. d4 e6 2. Bf4 d5 3. e3 Nf6 4. Nf3 Nh5 5. Bg5 Be7 6. Bxe7 Qxe7 7. Nbd2 Nf6 8. Bd3 Nbd7 9. 0-0 e5 10. e4 dxe4 11. Nxe4 0-0 12. Re1 exd4 13. Nxd4 Nxe4 14. Rxe4 Qc5 15. b4 Qg5 16. Qe2 Nf6 17. Re5 Qf4 18. Qe3 Qxe3 1/2-1/2